01175nam a2200325 a 4500008004100000020001800041041000800059100002600067245004400093250001100137260004200148300001200190500011000202653005500312653004700367653005200414653002900466653002500495653002500520653002200545653001800567653003700585653002900622653002900651653004100680653003500721653002100756700003700777700003500814140410s2014 sp il. f |||| 001 0 spa d a9788445823163 aspa1 aFlorez, JesúseDir. aFarmacología humana /cJesús Florez a6a ed. aBarcelona:bElsevier ; Masson;c2014. a1197 p. aFlorez, J., Armijo, J. A. y Mediavilla, A. (2014). Farmacología humana. (6a ed.). Barcelona : Elsevier. aPrincipios generales de acción de los fármacos aSistema nervioso autónomo y periférico aMediadores celulares. Inflamación e inmunidad aSistema nervioso central aAparato circulatorio aAparato respiratorio aAparato digestivo aMedio interno aHormonas, metabolismo, vitaminas aCrecimiento neoplásico aEnfermedades infecciosas aMetales: toxicología y antídotos aFarmacología dermatológica aTerapia génica1 aArmijo, Juan AntonioeDir. Asoc.1 aMediavilla, AfricaeDir. Asoc.